000 00277nam a22001337a 4500
020 _a978-93-85916-12-0
082 _a894.812.3
_bSPA/H
100 _aSPAIRY,JOHANNA
245 _aHAIDY
260 _aTHRISSUR
_bH&C BOOKS
300 _a48
650 _aSTORY
_zKERALA
942 _cBK
999 _c7013
_d7013